000 01057nam a2200289Ia 4500
003 GCL
008 140319s9999 xx 000 0 ara d
040 _aGCL /
_cGCL
082 0 4 _aق
_b364.1524
_bح و
100 1 _aحنفى المحلاوى
245 1 0 _aوقائع اغتيال حكام مصر :
_bبين الفشل والنجاح /
_cحنفى المحلاوى
260 _aالقاهرة :
_bنهضة مصر للطباعة والنشر والتوزيع ،
_c1997
300 _a214 ص
490 _a
650 0 4 _aالاغتيال
650 0 4 _aالجرائم السياسية
650 0 4 _aحسنى مبارك
650 0 4 _aالملك فاروق
650 0 4 _aمحمد نجيب
650 0 4 _aمصر - تاريخ - العصر الحديث - عصر محمد على ( 1805- 1849 م )
650 0 4 _aالخديوى عباس حلمى الثانى
650 0 4 _aعباس حلمى
650 0 4 _aالملك احمد فؤاد
650 0 4 _aجمال عبدالناصر
650 0 4 _aمصر - رؤساء الجمهورية
942 _2ddc
_cBK
999 _c49561
_d49561